| 000 | 00676nam a2200205 a 4500 | ||
|---|---|---|---|
| 001 | 2283 | ||
| 003 | CDMR | ||
| 005 | 20131112173801.0 | ||
| 008 | 130130s1997||||||||||||||||||||||||||||d | ||
| 020 | _a8489690170 | ||
| 040 |
_aCDMR _bcat _cCDMR |
||
| 100 | 1 |
_aRamos Fernández, Luis Fernando _91699 |
|
| 245 | 1 | 3 |
_aLa profesión periodística en España _b: (Estatuto jurídico y deontología profesional) _cLuis Fernando Ramos Fernández |
| 260 |
_aPontevedra _c1997 _bDiputación de Pontevedra |
||
| 300 | _a485 p. | ||
| 650 | 0 | 4 |
_93726 _aPeriodistes _zEspanya |
| 650 | 0 | 4 |
_92767 _aPeriodistes _xSituació legal, lleis, etc |
| 650 | 0 | 4 |
_9983 _aÈtica periodística |
| 942 |
_cMON _2udc |
||
| 999 |
_c2283 _d2283 |
||